आत्मनिर्भर भारत: एक गांधीवादी दृष्टिकोण (Record no. 1234786)
[ view plain ]
| 000 -LEADER | |
|---|---|
| fixed length control field | 00830nam a2200229Ia 4500 |
| 005 - DATE AND TIME OF LATEST TRANSACTION | |
| control field | 20250108124836.0 |
| 008 - FIXED-LENGTH DATA ELEMENTS--GENERAL INFORMATION | |
| fixed length control field | 008 250107s9999 xx 000 0 hin d |
| 020 ## - INTERNATIONAL STANDARD BOOK NUMBER | |
| International Standard Book Number | 978-81-85787-66-4 |
| 037 ## - SOURCE OF ACQUISITION | |
| Stock number | TB |
| 040 ## - CATALOGING SOURCE | |
| Original cataloging agency | CRL |
| Language of cataloging | hin |
| Transcribing agency | CRL |
| 041 ## - LANGUAGE CODE | |
| Language code of text/sound track or separate title | hin |
| Source of code | hin |
| 084 ## - COLON CLASSIFICATION NUMBER | |
| Classification number | Y5927 152R1 |
| 084 ## - COLON CLASSIFICATION NUMBER | |
| Assigning agency | CRL |
| 100 ## - MAIN ENTRY--PERSONAL NAME | |
| Personal name | देवेन्द्र कुमार, ले. |
| 245 #0 - TITLE STATEMENT | |
| Title | आत्मनिर्भर भारत: एक गांधीवादी दृष्टिकोण |
| Statement of responsibility, etc. | देवेन्द्र कुमार, ले. |
| 260 ## - PUBLICATION, DISTRIBUTION, ETC. | |
| Place of publication, distribution, etc. | दिल्ली, भारत |
| Name of publisher, distributor, etc. | शिवालिक प्रकाशन |
| Date of publication, distribution, etc. | 2398 |
| 300 ## - PHYSICAL DESCRIPTION | |
| Extent | 197पृ0 |
| 365 ## - TRADE PRICE | |
| Price type code | INR |
| Price amount | 155 |
| 650 ## - SUBJECT ADDED ENTRY--TOPICAL TERM | |
| Topical term or geographic name entry element | सामान्य ज्ञान |
| 942 ## - ADDED ENTRY ELEMENTS (KOHA) | |
| Koha item type | Textbook |
| Classification part | Y5927 152R1 |
| Withdrawn status | Lost status | Damaged status | Not for loan | Home library | Current library | Date acquired | Source of acquisition | Cost, normal purchase price | Total Checkouts | Full call number | Barcode | Date last seen | Price effective from | Koha item type |
|---|---|---|---|---|---|---|---|---|---|---|---|---|---|---|
| Central Library | Central Library | 2025-01-08 | Gift, 29/09/2023, | 155.00 | zM 152R1 | CL1698381 | 2025-01-08 | 2025-01-08 | Textbook |
